000 00626cam a22002411 4500
001 sa 66002205
003 DLC
005 20260227112227.0
008 900116s1963 ii b 000 0 kano
010 _asa 66002205
035 _a(OCoLC)20908733
040 _aDLC
_cWaU
_dDLC
042 _apremarc
043 _aa-ii---
050 0 0 _aPL4650
_b.M82
100 1 _aMugali, Rām. Śrī.
_d1906-1993.
245 1 0 _aKannaḍa sāhityada itihāsa.
260 _c[1963]
300 _a288 p.
_c22 cm.
500 _aIn Kannada.
504 _aBibliography: p.[285]-288.
650 0 _aKannada literature
_xHistory and criticism.
999 _c68217
_d68217